Partners in life (Record no. 3300)
[ view plain ]
| 000 -LEADER | |
|---|---|
| fixed length control field | 00542nam a22002057a 4500 |
| 003 - CONTROL NUMBER IDENTIFIER | |
| control field | URS |
| 005 - DATE AND TIME OF LATEST TRANSACTION | |
| control field | 20220114142441.0 |
| 008 - FIXED-LENGTH DATA ELEMENTS--GENERAL INFORMATION | |
| fixed length control field | 190320s1995 a b 000 0 eng |
| 010 ## - LIBRARY OF CONGRESS CONTROL NUMBER | |
| LC control number | 80473412 |
| 015 ## - NATIONAL BIBLIOGRAPHY NUMBER | |
| National bibliography number | Sw*** |
| 040 ## - CATALOGING SOURCE | |
| Transcribing agency | URS |
| Modifying agency | rda |
| Language of cataloging | eng |
| 050 14 - LIBRARY OF CONGRESS CALL NUMBER | |
| Classification number | BB 4460 |
| Item number | .Y46 1995 |
| 100 ## - MAIN ENTRY--PERSONAL NAME | |
| Personal name | Yeo, Anthony |
| 245 00 - TITLE STATEMENT | |
| Title | Partners in life |
| Statement of responsibility, etc. | Anthony Yeo |
| 260 ## - PUBLICATION, DISTRIBUTION, ETC. | |
| Date of publication, distribution, etc. | [1995] |
| 300 ## - PHYSICAL DESCRIPTION | |
| Extent | 142 pages |
| Dimensions | 21 cm |
| Other physical details | with illustrations |
| 440 #0 - SERIES STATEMENT/ADDED ENTRY--TITLE | |
| Title | Faith and order paper ; |
| 650 #0 - SUBJECT ADDED ENTRY--TOPICAL TERM | |
| Topical term or geographic name entry element | Church work with people with disabilities. |
| 942 ## - ADDED ENTRY ELEMENTS (KOHA) | |
| Source of classification or shelving scheme | Library of Congress Classification |
| Koha item type | Foreign Books |
| Withdrawn status | Source of classification or shelving scheme | Damaged status | Not for loan | Collection code | Home library | Current library | Shelving location | Date acquired | Total Checkouts | Full call number | Barcode | Date last seen | Price effective from | Koha item type |
|---|---|---|---|---|---|---|---|---|---|---|---|---|---|---|
| Library of Congress Classification | Non-fiction | Cainta College Library | Cainta College Library | On Display | 03/20/2019 | BV 4460.Y46 1995 | URSCAI-4401 | 11/04/2016 | 11/04/2016 | Foreign Books |